| 000 | 00422nam a2200133Ia 4500 | ||
|---|---|---|---|
| 008 | 181023s9999 xx 000 0 und d | ||
| 020 | _a9781259859786 | ||
| 100 | _aMiller, Mark R. | ||
| 245 |
_cMark R. Miller, Rex Miller.-- _aRobots and robotics : _bprinciples, systems, and industrial applications / |
||
| 260 |
_aNew York : _bMcGraw Hill _c2017 |
||
| 300 | _axxii, 373 pages. | ||
| 650 | _aRobotics. | ||
| 650 | _aRobots. | ||
| 999 |
_c359370 _d359370 |
||